The book of the thousand nights and one night : (Record no. 154802)

MARC details
000 -LEADER
fixed length control field 00695nam a22002297a 4500
003 - CONTROL NUMBER IDENTIFIER
control field dpl
005 - DATE AND TIME OF LATEST TRANSACTION
control field 20180725144803.0
008 - FIXED-LENGTH DATA ELEMENTS--GENERAL INFORMATION
fixed length control field 180725b xxu||||| |||| 00| 0 eng d
010 ## - LIBRARY OF CONGRESS CONTROL NUMBER
LC control number 416650
016 ## - NATIONAL BIBLIOGRAPHIC AGENCY CONTROL NUMBER
Record control number 416650
035 ## - SYSTEM CONTROL NUMBER
System control number 416650
037 ## - SOURCE OF ACQUISITION
Source of stock number/acquisition BPPD/PUB
040 ## - CATALOGING SOURCE
Transcribing agency 0
082 ## - DEWEY DECIMAL CLASSIFICATION NUMBER
Classification number S
100 ## - MAIN ENTRY--PERSONAL NAME
Personal name Mardrus.J.C
245 ## - TITLE STATEMENT
Title The book of the thousand nights and one night :
Statement of responsibility, etc by R. L. Gupta and V. K. Gupta
Remainder of title Rendered into english form the literal and complete french /
260 ## - PUBLICATION, DISTRIBUTION, ETC. (IMPRINT)
Place of publication, distribution, etc London
Name of publisher, distributor, etc Routledge and kegan paul Ltd.
Date of publication, distribution, etc 1964
300 ## - PHYSICAL DESCRIPTION
Extent vi, 592p.
Dimensions 24 cm (Hb)
650 ## - SUBJECT ADDED ENTRY--TOPICAL TERM
Topical term or geographic name as entry element Financial accountancy
700 ## - ADDED ENTRY--PERSONAL NAME
Personal name Mathers Powys
942 ## - ADDED ENTRY ELEMENTS (KOHA)
Institution code [OBSOLETE] dpl
Koha item type English Books
Call number prefix 657.48 / GUP
Source of classification or shelving scheme Dewey Decimal Classification
Classification part S
Call number suffix MAR
Holdings
Withdrawn status Lost status Source of classification or shelving scheme Damaged status Not for loan Collection code Home library Current library Date acquired Source of acquisition Cost, normal purchase price Total Checkouts Total Renewals Full call number Barcode Date last seen Date checked out Cost, replacement price Price effective from Koha item type
    Dewey Decimal Classification     Fiction Shahdara Branch Shahdara Branch 25/07/2018 BPPD/PUB 0.00 1 1 S MAR 416650 17/08/2021 27/07/2021 0.00 25/07/2018 English Books

© Delhi Public Library
Hit Counter
free hit counter